000
00202 a2200085 4500
001
38697
090
_c
24523
_d
24523
100
_a
Garcia
245
_a
Probability & Random processes for electrical Engineers
942
_a
NUST-CAE
_k
519 GAR
999
_c
273770
_d
273770